Los protagonistas de la transiciÛn en Navarra según la prensa : el período de los debates constitucionales /

Este artículo ofrece resultados de un análisis de contenido cuantitativo aplicado a ocho cabeceras de prensa navarra, vasca y nacional durante el período de los debates constitucionales en 1978. En concreto, se muestran cuáles fueron para la prensa los protagonistas de la transición en Navarra, un t...

Full description

Bibliographic Details
Main Author: García Ortega, Carmela
Other Authors: Zugasti Azagra, Ricardo
Format: Analitica de revista
Language:Spanish
Published: Sevilla, España Universidad de Sevilla, Departamento de Periodismo 2009
Subjects:
Online Access:

MARC

LEADER 00000cab a2200000 a 4500
001 024572
003 UAHC_CL
005 20170809145127.0
008 100223s1999 es 000 spa
952 |0 0  |1 0  |4 0  |6 AMBITOS___REV__INT__COMUN_18_09_000000000000000  |7 0  |8 General  |9 49124  |a BC  |b BC  |c General  |d 2017-08-03  |l 0  |o AMBITOS. REV. INT. COMUN.-18/09  |p FICTICIO185  |r 2019-01-08 00:00:00  |t 1  |w 2017-08-03  |y REVA 
999 |c 24572  |d 24572 
022 |a 11391979 
040 |a UAHC_CL  |c UAHC_CL  |d UAHC_CL 
100 1 |a García Ortega, Carmela 
245 1 4 |a Los protagonistas de la transiciÛn en Navarra según la prensa :  |b el período de los debates constitucionales /  |c Carmela García Ortega, Ricardo Zugasti Azagra. 
260 |b Universidad de Sevilla, Departamento de Periodismo  |a Sevilla, España  |c 2009 
300 |a pp. 179-189 
310 |a Semestral 
500 |a En: Ambitos, n°18, 2009. pp. 179-189. ISSN 11391979 
520 |a Este artículo ofrece resultados de un análisis de contenido cuantitativo aplicado a ocho cabeceras de prensa navarra, vasca y nacional durante el período de los debates constitucionales en 1978. En concreto, se muestran cuáles fueron para la prensa los protagonistas de la transición en Navarra, un territorio peculiar durante el proceso constitucional debido a la permanencia de su régimen foral y a la posible integración en una autonomía vasca. Asimismo, se pretende realizar un aporte al debate sobre el papel de los protagonistas individuales o colectivos de la transición, en este caso a través de la mirada de la prensa. 
650 4 |a PRENSA Y POLITICA 
650 4 |a PERIODISMO 
700 1 |a Zugasti Azagra, Ricardo 
773 0 |t çmbitos : revista internacional de comunicación  |w 024562 
900 |a AMBITOS. REV. INT. COMUN.-18/09 
942 |c REVA  |2 ddc